000 00642nam a2200193 i 4500
001 140891
003 ES-MaACL
005 20250812225910.0
007 t|
008 070918s1963 sp ||||1| spa d
100 1 _aWendt, Herbert.
_9116486
245 1 3 _aEl legado de Noé
_b: historia del descubrimiento de los animales /
_cHerbert Wendt ; traducción por Ramón Margalef.
260 _aBarcelona :
_bLabor,
_c[1963]
300 _a493 p., 18 lám. :
_bil. ;
_c22 cm.
650 7 _aAnimales
_2embne
_9135562
700 1 _aMargalef, Ramón,
_d1919-2004
_976608
852 _aES-MaACL
_jC-24057
_bR.52979
999 _c140891
_d140891